Basic Theory and pratice of Quantitative Chemical Analysis
| Main Authors: | , |
|---|---|
| Format: | Section = Libro |
| Language: | Undetermined Spanish |
| Published: |
Philadelphia
W.B. Saunders
1968
|
| Edition: | 3a.ed. |
| Subjects: |
| LEADER | 00572nam a2200205Ia 4500 | ||
|---|---|---|---|
| 008 | 240830s9999 xx 000 0 und d | ||
| 040 | |a CEDOC FIQ-RUSB / 543 F529 | ||
| 041 | |a spa | ||
| 082 | |a 543 F529 | ||
| 100 | 1 | |a Fischer, Robert B | |
| 100 | 1 | |b Peter, Dennis G. | |
| 245 | 1 | 0 | |a Basic Theory and pratice of Quantitative Chemical Analysis |
| 250 | |a 3a.ed. | ||
| 260 | |a Philadelphia |b W.B. Saunders |c 1968 | ||
| 300 | |a 883 p.: il. | ||
| 650 | 7 | |a QUÍMICA ANALíTICA | |
| 650 | 7 | |b MÉTODOS GRAVIMÉTRICOS SELECCIONADOS | |
| 942 | |c BK |2 ddc | ||
| 991 | |a TEXTO | ||
| 999 | |c 13729 | ||